000 00666nam a22002057a 4500
999 _c19674
_d19674
003 AR-CdUCM
008 190305b ||||| |||| 00| 0 spa d
040 _aMUNICIPALIDAD PROVINCIAL DEL CUSCO
_cBIBLIOTECA MUNICIPAL DEL CUSCO
082 _a869.56 /
_bB91
_22.ed
100 _aBryce Echenique, Alfredo
_97372
245 _aUn mundo para Julius /
260 _aBarcelona :
_bBarral,
_c1972.
300 _a591 páginas ;
_c21 cm.
505 _aContenido : El palacio original -- El colegio -- Country club -- Los grandes -- Retornos.
650 _aCuentos peruanos
_97
650 _aSiglo XX
_98
650 _aLiteratura
_983
942 _2ddc
_cLIBROS
945 _arcc